[Event "Gibraltar ChallWk1 12th"]
[Site "Gibraltar"]
[Date "2014.01.31"]
[Round "5.21"]
[White "Mihajlov, Svetoslav"]
[Black "Perdomo Araujo, Angel Eduardo"]
[Result "0-1"]
[WhiteElo "2112"]
[BlackElo "2018"]
[PlyCount "68"]
[EventDate "2014.01.27"]
[EventType "swiss"]
[EventRounds "5"]
[EventCountry "GGB"]
[SourceTitle "BritBase"]
[Source "www.saund.co.uk"]
[SourceDate "2018.02.10"]
[SourceVersion "1"]
[SourceVersionDate "2018.02.10"]
[SourceQuality "1"]

1. d4 d5 2. c4 e6 3. Nc3 Nf6 4. Bg5 Be7 5. cxd5 exd5 6. Qc2 O-O 7. e3 b6 8. Bd3
h6 9. Bh4 c5 10. dxc5 bxc5 11. Bxf6 Bxf6 12. Nxd5 Bxb2 13. Rb1 Ba3 14. Qa4 Be6
15. Qxa3 Bxd5 16. Ne2 Nd7 17. Nf4 Bc6 18. O-O Qg5 19. Bb5 Rfc8 20. Rfd1 Nf6 21.
Bxc6 Rxc6 22. Rb5 Qg4 23. f3 Qc8 24. Nd5 Nxd5 25. Rxd5 Qa6 26. Ra5 Qe2 27. h3
Rg6 28. g4 Rb8 29. Qd3 Qe1+ 30. Qf1 Qg3+ 31. Kh1 Rb2 32. Rd8+ Kh7 33. Rd2 Rxd2
34. Qg2 Qxg2# 0-1

[Event "Gibraltar ChallWk1 12th"]
[Site "Gibraltar"]
[Date "2014.01.31"]
[Round "5.22"]
[White "Bhopal, Raj"]
[Black "Ungureanu, Sandu"]
[Result "1/2-1/2"]
[WhiteElo "2093"]
[BlackElo "2014"]
[PlyCount "129"]
[EventDate "2014.01.27"]
[EventType "swiss"]
[EventRounds "5"]
[EventCountry "GGB"]
[SourceTitle "BritBase"]
[Source "www.saund.co.uk"]
[SourceDate "2018.02.10"]
[SourceVersion "1"]
[SourceVersionDate "2018.02.10"]
[SourceQuality "1"]

1. d4 c5 2. d5 e5 3. e4 d6 4. Nf3 Na6 5. Be2 Nc7 6. a4 Bd7 7. O-O b5 8. axb5
Nxb5 9. Na3 Nxa3 10. Rxa3 Nf6 11. Bg5 Be7 12. Nd2 O-O 13. Qa1 Nxd5 14. exd5
Bxg5 15. Ne4 Be7 16. Rxa7 Qb8 17. Rxa8 Qxa8 18. Qxa8 Rxa8 19. Rb1 f5 20. Nd2
Ra4 21. Nc4 Bb5 22. Nb6 Ra5 23. Bxb5 Rxb5 24. Nc4 e4 25. Ra1 Rb7 26. Ra6 Rd7
27. Kf1 g6 28. Ke2 Kf7 29. f3 exf3+ 30. Kxf3 h5 31. h3 h4 32. c3 Rd8 33. Ra7
Kf6 34. Na5 Bf8 35. Nc6 Re8 36. b4 cxb4 37. cxb4 Re1 38. Ra3 Rb1 39. Re3 Rb2
40. Re6+ Kg5 41. Re2 Rb1 42. Nd4 Bg7 43. Ne6+ Kh6 44. Nxg7 Kxg7 45. Re7+ Kh6
46. Rb7 Kg5 47. Rb6 Rb2 48. Rxd6 Rxb4 49. Re6 Rb5 50. d6 Rd5 51. Ke3 Kh5 52.
Kf3 Kh6 53. Kf4 Kh5 54. Ke3 Kh6 55. Kf4 Kh5 56. Ke3 g5 57. Rf6 Rd1 58. Ke2 Rd4
59. Ke3 Rd5 60. Ke2 g4 61. d7 Kg5 62. Rf7 Kg6 63. Re7 Kf6 64. Rh7 gxh3 65. gxh3
1/2-1/2

[Event "Gibraltar ChallWk1 12th"]
[Site "Gibraltar"]
[Date "2014.01.31"]
[Round "5.22"]
[White "Kandic, Milan"]
[Black "Reppen, Ellisiv"]
[Result "1-0"]
[WhiteElo "2080"]
[BlackElo "1995"]
[PlyCount "118"]
[EventDate "2014.01.27"]
[EventType "swiss"]
[EventRounds "5"]
[EventCountry "GGB"]
[SourceTitle "BritBase"]
[Source "www.saund.co.uk"]
[SourceDate "2018.02.10"]
[SourceVersion "1"]
[SourceVersionDate "2018.02.10"]
[SourceQuality "1"]

1. e4 e5 2. d4 exd4 3. Nf3 Nc6 4. Bc4 Nf6 5. e5 d5 6. exf6 dxc4 7. O-O Qxf6 8.
Bg5 Qg6 9. Re1+ Be6 10. c3 dxc3 11. Nxc3 Bb4 12. Nd5 O-O 13. Nxb4 Nxb4 14. Be7
Nc2 15. Ne5 Qf5 16. g4 Qf4 17. Qxc2 Rfe8 18. Bh4 Bd5 19. Qc1 Qd4 20. Qc3 Qxc3
21. bxc3 f6 22. Nd7 Bc6 23. Nc5 a5 24. Bg3 Rxe1+ 25. Rxe1 b6 26. Ne6 Re8 27.
Re3 Bd7 28. Nxc7 Rxe3 29. fxe3 Bxg4 30. Nb5 a4 31. Na3 Be6 32. Bc7 g5 33. Bxb6
Kf7 34. Bd4 f5 35. Kf2 h5 36. Nb5 Bd5 37. Bc5 h4 38. Nd4 Kf6 39. Bd6 Be4 40. a3
Kf7 41. Bc7 Ke7 42. Ne2 Kd7 43. Bb8 Ke6 44. Ng1 g4 45. Bc7 Kd7 46. Bf4 Ke6 47.
Bg5 h3 48. Bf4 Kf6 49. Ne2 Ke6 50. Kg3 Kf6 51. Bc7 Kg6 52. Kf4 Bd3 53. Ng3 Kf6
54. e4 fxe4 55. Nxe4+ Kg6 56. Nf2 g3 57. Kxg3 Kf5 58. Kxh3 Be2 59. Kg3 Ke6 1-0

[Event "Gibraltar ChallWk1 12th"]
[Site "Gibraltar"]
[Date "2014.01.31"]
[Round "5.25"]
[White "Becham, Khalid"]
[Black "Dotan, Valeria"]
[Result "0-1"]
[WhiteElo "2122"]
[BlackElo "1979"]
[PlyCount "78"]
[EventDate "2014.01.27"]
[EventType "swiss"]
[EventRounds "5"]
[EventCountry "GGB"]
[SourceTitle "BritBase"]
[Source "www.saund.co.uk"]
[SourceDate "2018.02.10"]
[SourceVersion "1"]
[SourceVersionDate "2018.02.10"]
[SourceQuality "1"]

1. e4 c5 2. Nc3 Nc6 3. Nf3 d6 4. d4 cxd4 5. Nxd4 Nf6 6. f3 e6 7. Be3 Bd7 8. Qd2
Be7 9. O-O-O a6 10. g4 Nxd4 11. Bxd4 Bc6 12. Bc4 b5 13. Bb3 Qd7 14. Qe2 b4 15.
e5 bxc3 16. exf6 cxb2+ 17. Kb1 Bxf6 18. Bc5 Be7 19. g5 O-O 20. Be3 Qb7 21. Rhf1
Bb5 22. c4 Bc6 23. Bd4 Rfe8 24. Bc2 e5 25. Bc3 Bf8 26. Rde1 g6 27. h4 Bg7 28.
h5 d5 29. hxg6 hxg6 30. cxd5 Bxd5 31. Qh2 Rac8 32. Bxe5 Bxe5 33. Rxe5 Bxf3 34.
Rxe8+ Rxe8 35. Qf4 Be4 36. Qd2 Bf3 37. Qd6 Qd5 38. Qxd5 Bxd5 39. Rg1 Re2 {
Unable to read remaining moves} 0-1

[Event "Gibraltar ChallWk1 12th"]
[Site "Gibraltar"]
[Date "2014.01.31"]
[Round "5.25"]
[White "Omoifo, Osemekhian I"]
[Black "Perez Cameselle, Francisco"]
[Result "1-0"]
[WhiteElo "2076"]
[BlackElo "1847"]
[PlyCount "57"]
[EventDate "2014.01.27"]
[EventType "swiss"]
[EventRounds "5"]
[EventCountry "GGB"]
[SourceTitle "BritBase"]
[Source "www.saund.co.uk"]
[SourceDate "2018.02.10"]
[SourceVersion "1"]
[SourceVersionDate "2018.02.10"]
[SourceQuality "1"]

1. e4 e6 2. d3 d5 3. Nd2 Nf6 4. Ngf3 c5 5. g3 Nc6 6. Bg2 Be7 7. O-O O-O 8. Re1
dxe4 9. dxe4 e5 10. c3 h6 11. Qc2 Be6 12. Nh4 g6 13. Nf1 Kg7 14. h3 Nh7 15. Nf3
Qd7 16. Rd1 Qc8 17. Kh2 Ng5 18. Ng1 f5 19. Bxg5 Bxg5 20. exf5 Bxf5 21. Qe2 Qc7
22. Ne3 Be6 23. Nf3 Bf6 24. Nd2 Rad8 25. Ne4 b6 26. b3 Rxd1 27. Rxd1 Rd8 28.
Nxf6 Rxd1 29. Ne8+ 1-0

[Event "Gibraltar ChallWk1 12th"]
[Site "Gibraltar"]
[Date "2014.01.31"]
[Round "5.28"]
[White "Olsen, Miriam F"]
[Black "Nyland, Thomas"]
[Result "1-0"]
[WhiteElo "1997"]
[BlackElo "2047"]
[PlyCount "103"]
[EventDate "2014.01.27"]
[EventType "swiss"]
[EventRounds "5"]
[EventCountry "GGB"]
[SourceTitle "BritBase"]
[Source "www.saund.co.uk"]
[SourceDate "2018.02.10"]
[SourceVersion "1"]
[SourceVersionDate "2018.02.10"]
[SourceQuality "1"]

1. e4 e5 2. Nf3 Nc6 3. d4 exd4 4. Nxd4 Nf6 5. Nxc6 bxc6 6. e5 Qe7 7. Qe2 Nd5 8.
c4 Ba6 9. b3 O-O-O 10. g3 Re8 11. Bb2 f6 12. Bg2 fxe5 13. O-O Nf6 14. Ba3 Qe6
15. Qd2 Bxa3 16. Nxa3 Bb7 17. Qa5 Kb8 18. Rac1 e4 19. Nc2 Qe5 20. c5 Nd5 21.
Rfe1 Qb2 22. Qd2 e3 23. fxe3 Re5 24. Qd4 Qxd4 25. exd4 Ree8 26. Re5 Rxe5 27.
dxe5 Re8 28. Re1 Kc8 29. Nd4 Nb4 30. e6 dxe6 31. Nxe6 Nxa2 32. Ra1 Nb4 33. Bh3
Kb8 34. Nxg7 Re3 35. Rf1 a6 36. Rf8+ Ka7 37. Be6 Nd5 38. Bxd5 cxd5 39. Rf7 c6
40. b4 Re4 41. Rf4 a5 42. Rxe4 dxe4 43. bxa5 Ka6 44. Ne6 Kxa5 45. Ng5 e3 46.
Ne4 Kb4 47. Kf1 Ba6+ 48. Ke1 Kc4 49. g4 Kd4 50. Nf6 Bd3 51. Nd7 Ke4 52. Nf8 1-0

[Event "Gibraltar ChallWk1 12th"]
[Site "Gibraltar"]
[Date "2014.01.31"]
[Round "5.29"]
[White "Adebajo, Olufemi"]
[Black "Jorgensen, Line Jin"]
[Result "1/2-1/2"]
[WhiteElo "1979"]
[BlackElo "1925"]
[PlyCount "174"]
[EventDate "2014.01.27"]
[EventType "swiss"]
[EventRounds "5"]
[EventCountry "GGB"]
[SourceTitle "BritBase"]
[Source "www.saund.co.uk"]
[SourceDate "2018.02.10"]
[SourceVersion "1"]
[SourceVersionDate "2018.02.10"]
[SourceQuality "1"]

1. e4 e6 2. d4 d5 3. Nd2 Nf6 4. e5 Nfd7 5. Bd3 c5 6. c3 Nc6 7. Ngf3 cxd4 8.
cxd4 f6 9. exf6 Nxf6 10. O-O Bd6 11. Qe2 O-O 12. Nb3 Qc7 13. h3 e5 14. dxe5
Nxe5 15. Nxe5 Bxe5 16. Bg5 Bd7 17. Rac1 Bc6 18. Nc5 Qd6 19. Qc2 h6 20. Be3 d4
21. Bd2 Bh2+ 22. Kh1 Kh8 23. Qb3 b6 24. Na6 Rfc8 25. Nb4 Be4 26. Rce1 Bf4 27.
Bxf4 Qxf4 28. Bxe4 Nxe4 29. Nd5 Qh4 30. Kg1 Nd2 31. Qd3 Nxf1 32. Ne7 Qf6 33.
Nxc8 Rxc8 34. Kxf1 Rd8 35. b3 a5 36. g3 Qc6 37. Kg1 Qf6 38. h4 Qd6 39. Kg2 Qd5+
40. Qe4 Qc5 41. Rd1 b5 42. Rd2 b4 43. g4 Kg8 44. Rc2 Qd6 45. Rc6 Qd5 46. Qxd5+
Rxd5 47. Kf3 d3 48. Rc1 d2 49. Rd1 Rd4 50. Kg3 Kf7 51. f3 g5 52. hxg5 hxg5 53.
Kf2 Rd8 54. Ke2 Kf6 55. Rxd2 Rc8 56. Kf2 Rc3 57. Re2 Rd3 58. Kg3 a4 59. bxa4
Ra3 60. Re4 Rxa4 61. a3 Rxa3 62. Rxb4 Ra6 63. Rb8 Kg7 64. Kf2 Ra3 65. Rb6 Rc3
66. Rb5 Kg6 67. Rf5 Ra3 68. Ke2 Rb3 69. Rd5 Kf6 70. Rd3 Rb2+ 71. Ke3 Rb1 72.
Ke4 Re1+ 73. Re3 Ra1 74. Rb3 Re1+ 75. Re3 Ra1 76. Rc3 Re1+ 77. Kd3 Rd1+ 78. Ke2
Ra1 79. Ke3 Re1+ 80. Kf2 Ra1 81. Rc5 Ra3 82. Rf5+ Kg6 83. Kg3 Rb3 84. Ra5 Rc3
85. Ra6+ Kf7 86. Kf2 Rd3 87. Ke2 Rc3 1/2-1/2

[Event "Gibraltar ChallWk1 12th"]
[Site "Gibraltar"]
[Date "2014.01.31"]
[Round "5.29"]
[White "Krokay, Urszula"]
[Black "Mortensen, Henrik"]
[Result "0-1"]
[WhiteElo "1926"]
[BlackElo "1938"]
[PlyCount "52"]
[EventDate "2014.01.27"]
[EventType "swiss"]
[EventRounds "5"]
[EventCountry "GGB"]
[SourceTitle "BritBase"]
[Source "www.saund.co.uk"]
[SourceDate "2018.02.10"]
[SourceVersion "1"]
[SourceVersionDate "2018.02.10"]
[SourceQuality "1"]

1. e4 d5 2. exd5 Qxd5 3. Nc3 Qa5 4. d4 c6 5. Nf3 Nf6 6. Bc4 Bf5 7. Ne5 e6 8.
O-O Be7 9. Ne2 Nbd7 10. Nf3 Bg4 11. Ng3 h5 12. h3 h4 13. Nh1 Bh5 14. Qd3 O-O-O
15. Nxh4 Ne5 16. Bxe6+ fxe6 17. Qe3 Nfd7 18. dxe5 Bxh4 19. Qe4 Be7 20. f4 Qd5
21. Qa4 Bc5+ 22. Kh2 Be2 23. Re1 Bf3 24. c4 Qd3 25. b4 Bxg2 26. Ng3 Rxh3+ 0-1

[Event "Gibraltar ChallWk1 12th"]
[Site "Gibraltar"]
[Date "2014.01.31"]
[Round "5.30"]
[White "Sevillano Garcia, Joaquin"]
[Black "Wynarczyk, Raymond"]
[Result "1-0"]
[WhiteElo "1923"]
[BlackElo "1973"]
[PlyCount "115"]
[EventDate "2014.01.27"]
[EventType "swiss"]
[EventRounds "5"]
[EventCountry "GGB"]
[SourceTitle "BritBase"]
[Source "www.saund.co.uk"]
[SourceDate "2018.02.10"]
[SourceVersion "1"]
[SourceVersionDate "2018.02.10"]
[SourceQuality "1"]

1. Nf3 d5 2. g3 Nf6 3. Bg2 e6 4. O-O c5 5. c4 a6 6. cxd5 exd5 7. d4 Nc6 8. dxc5
Bxc5 9. Nbd2 O-O 10. Nb3 Be7 11. h3 Bf5 12. Be3 Rc8 13. Rc1 Nb4 14. Nfd4 Rxc1
15. Nxc1 Bg6 16. Qb3 Qd7 17. a3 Nc6 18. Nxc6 bxc6 19. Nd3 Ne4 20. Ne5 Qc7 21.
Nxg6 hxg6 22. Bxe4 dxe4 23. Qc4 Bf6 24. b4 Be5 25. Kg2 Qd7 26. Qxe4 Qd5 27.
Qxd5 cxd5 28. Bc5 Re8 29. e3 f5 30. Rd1 Rd8 31. Kf3 Kf7 32. Ke2 g5 33. f4 gxf4
34. gxf4 Bb2 35. Rb1 Bf6 36. Kd3 Rh8 37. Rh1 Rb8 38. a4 Ke6 39. Rb1 Rh8 40. b5
axb5 41. axb5 Kd7 42. Bd4 Bxd4 43. Kxd4 Rxh3 44. b6 Kc8 45. Rc1+ Kb8 46. Rc7
Rh6 47. Rxg7 Re6 48. Rd7 Rxb6 49. Rxd5 Rf6 50. Ke5 Rf8 51. Ke6 Re8+ 52. Kxf5
Rxe3 53. Kf6 Kc7 54. f5 Re1 55. Kf7 Re2 56. f6 Rf2 57. Kg7 Rg2+ 58. Kf8 1-0

[Event "Gibraltar ChallWk1 12th"]
[Site "Gibraltar"]
[Date "2014.01.31"]
[Round "5.33"]
[White "Musi, Dietmar"]
[Black "Tortolero, Cesar"]
[Result "1/2-1/2"]
[WhiteElo "1762"]
[BlackElo "1952"]
[PlyCount "124"]
[EventDate "2014.01.27"]
[EventType "swiss"]
[EventRounds "5"]
[EventCountry "GGB"]
[SourceTitle "BritBase"]
[Source "www.saund.co.uk"]
[SourceDate "2018.02.10"]
[SourceVersion "1"]
[SourceVersionDate "2018.02.10"]
[SourceQuality "1"]

1. e4 c5 2. d4 e6 3. Nf3 cxd4 4. Nxd4 a6 5. Nc3 Qc7 6. Bd3 Nf6 7. O-O Be7 8.
Re1 d6 9. Bg5 Nbd7 10. Nf3 O-O 11. Qe2 b5 12. e5 dxe5 13. Nxe5 Nxe5 14. Qxe5
Qxe5 15. Rxe5 Bb7 16. Ne4 h6 17. Bxf6 gxf6 18. Rh5 f5 19. Ng3 f4 20. Be4 Bxe4
21. Nxe4 f5 22. Nd2 Rfd8 23. Nf3 Kg7 24. Re1 Rd6 25. c3 Bf6 26. Kf1 Rad8 27. g3
fxg3 28. hxg3 Rd1 29. Ke2 R1d3 30. Reh1 Bg5 31. Nd4 Rd2+ 32. Ke1 Kf7 33. f4
R2xd4 34. cxd4 Bf6 35. Rxh6 Rxd4 36. R6h2 Rb4 37. b3 Bc3+ 38. Kd1 Rd4+ 39. Kc2
b4 40. Rh7+ Kg8 41. Rh8+ Kg7 42. R8h2 Re4 43. Kd3 Rd4+ 44. Kc2 Re4 45. Kd3 Rd4+
46. Kc2 Re4 47. Rd1 Re3 48. Rd3 Re1 49. a3 Ra1 50. axb4 Ra2+ 51. Kxc3 Rxh2 52.
b5 axb5 53. Kb4 Re2 54. Kxb5 e5 55. fxe5 Rxe5+ 56. Kc6 Re6+ 57. Kc5 Re5+ 58.
Kc6 Re6+ 59. Kc5 Re5+ 60. Kb4 Kf6 61. Kc4 Re4+ 62. Kc5 Re5+ 1/2-1/2

[Event "Gibraltar ChallWk1 12th"]
[Site "Gibraltar"]
[Date "2014.01.31"]
[Round "5.35"]
[White "Andersen, Daniel"]
[Black "Tarr, Steve F"]
[Result "1-0"]
[WhiteElo "1941"]
[BlackElo "1728"]
[PlyCount "27"]
[EventDate "2014.01.27"]
[EventType "swiss"]
[EventRounds "5"]
[EventCountry "GGB"]
[SourceTitle "BritBase"]
[Source "www.saund.co.uk"]
[SourceDate "2018.02.10"]
[SourceVersion "1"]
[SourceVersionDate "2018.02.10"]
[SourceQuality "1"]

1. c4 Nf6 2. Nc3 e6 3. e4 d5 4. e5 d4 5. exf6 dxc3 6. fxg7 cxd2+ 7. Bxd2 Bxg7
8. Qc2 Nc6 9. Nf3 e5 10. O-O-O Nd4 11. Nxd4 Qxd4 12. Bg5 Bf6 13. Rxd4 Bxg5+ 14.
f4 1-0

[Event "Gibraltar ChallWk1 12th"]
[Site "Gibraltar"]
[Date "2014.01.31"]
[Round "5.36"]
[White "Georgieva, Emilia"]
[Black "Haddock, Paul"]
[Result "1-0"]
[WhiteElo "1933"]
[BlackElo "1649"]
[PlyCount "21"]
[EventDate "2014.01.27"]
[EventType "swiss"]
[EventRounds "5"]
[EventCountry "GGB"]
[SourceTitle "BritBase"]
[Source "www.saund.co.uk"]
[SourceDate "2018.02.10"]
[SourceVersion "1"]
[SourceVersionDate "2018.02.10"]
[SourceQuality "1"]

1. d4 d5 2. Nf3 Nf6 3. Bg5 e6 4. c3 Be7 5. Nbd2 Nbd7 6. e3 b6 7. Bd3 Bb7 8. Qa4
O-O 9. Ne5 Nxe5 10. dxe5 Nd7 11. Qh4 1-0

[Event "Gibraltar ChallWk1 12th"]
[Site "Gibraltar"]
[Date "2014.01.31"]
[Round "5.38"]
[White "Oliveira, Maria Alice Ramos M"]
[Black "Ellison, D George"]
[Result "1-0"]
[WhiteElo "1466"]
[BlackElo "2013"]
[PlyCount "87"]
[EventDate "2014.01.27"]
[EventType "swiss"]
[EventRounds "5"]
[EventCountry "GGB"]
[SourceTitle "BritBase"]
[Source "www.saund.co.uk"]
[SourceDate "2018.02.10"]
[SourceVersion "1"]
[SourceVersionDate "2018.02.10"]
[SourceQuality "1"]

1. e4 c5 2. Nf3 d6 3. d4 cxd4 4. Nxd4 Nf6 5. Nc3 a6 6. h3 b5 7. f3 Bb7 8. Be3
b4 9. Nce2 e5 10. Nb3 a5 11. Qd2 Nc6 12. g4 a4 13. Nbc1 d5 14. g5 d4 15. gxf6
dxe3 16. Qxd8+ Rxd8 17. fxg7 Bxg7 18. Nd3 Ba6 19. Ng3 Nd4 20. O-O-O Nxf3 21.
Nxb4 Rxd1+ 22. Kxd1 Bxf1 23. Rxf1 Nd4 24. c3 Bh6 25. cxd4 exd4 26. Nf5 Bf8 27.
Nd3 Rg8 28. Nxd4 a3 29. bxa3 Bxa3 30. Ke2 Rg2+ 31. Kxe3 Rxa2 32. Ne5 Bb2 33.
Ndf3 f6 34. Nd3 Ra3 35. Rb1 Ba1 36. Rb8+ Kf7 37. Nh4 Be5 38. Rb7+ Kg8 39. Nf5
Bf4+ 40. Kxf4 Rxd3 41. Rg7+ Kh8 42. h4 Ra3 43. Rf7 Ra6 44. Rf8# 1-0

[Event "Gibraltar ChallWk2 12th"]
[Site "Gibraltar"]
[Date "2014.02.01"]
[Round "1.1"]
[White "Sanchez Jerez, Emilio Miguel"]
[Black "Schouten, Freek"]
[Result "1-0"]
[WhiteElo "2287"]
[BlackElo "2068"]
[PlyCount "99"]
[EventDate "2014.02.01"]
[EventType "swiss"]
[EventRounds "5"]
[EventCountry "GGB"]
[SourceTitle "BritBase"]
[Source "www.saund.co.uk"]
[SourceDate "2018.02.10"]
[SourceVersion "1"]
[SourceVersionDate "2018.02.10"]
[SourceQuality "1"]
[WhiteClock "0:19:30"]
[BlackClock "0:01:58"]

1. e4 d6 2. d4 Nf6 3. Nc3 e5 4. Nf3 Nbd7 5. Bc4 Be7 6. O-O h6 7. Re1 c6 8. a4
Qc7 9. Ba2 Nf8 10. Nh4 Ne6 11. dxe5 dxe5 12. Nf5 Bf8 13. Qf3 Ng5 14. Bxg5 hxg5
15. Rad1 g4 16. Qe3 Rh5 17. Ng3 Rh7 18. Rd3 g6 19. Nb1 b6 20. Na3 Ba6 21. Nc4
Be7 22. Red1 Bxc4 23. Bxc4 Rd8 24. Rxd8+ Bxd8 25. b4 Rh8 26. b5 c5 27. Be2 Be7
28. Nf1 Kf8 29. Qd3 Qb7 30. Nd2 Kg7 31. Qc3 Qc7 32. Re1 Rd8 33. Bd3 Rd4 34. Nc4
Nh7 35. Ne3 Nf6 36. Nc4 Nh7 37. Qd2 Bg5 38. Qe2 Nf6 39. a5 Rd8 40. Ra1 Rb8 41.
g3 Rb7 42. Qe1 Nd7 43. Be2 Nf6 44. Bd3 Nd7 45. Qc3 Bd8 46. Be2 f5 47. Rd1 Be7
48. exf5 gxf5 49. a6 Rb8 50. Rxd7 1-0

[Event "Gibraltar ChallWk2 12th"]
[Site "Gibraltar"]
[Date "2014.02.01"]
[Round "1.2"]
[White "Verneuil, Pascal"]
[Black "Nicolas Zapata, Irene"]
[Result "1/2-1/2"]
[WhiteElo "2065"]
[BlackElo "2249"]
[PlyCount "119"]
[EventDate "2014.02.01"]
[EventType "swiss"]
[EventRounds "5"]
[EventCountry "GGB"]
[SourceTitle "BritBase"]
[Source "www.saund.co.uk"]
[SourceDate "2018.02.10"]
[SourceVersion "1"]
[SourceVersionDate "2018.02.10"]
[SourceQuality "1"]
[WhiteClock "0:01:34"]
[BlackClock "0:24:08"]

1. e4 c5 2. b3 Nc6 3. Bb2 e5 4. Bc4 Nf6 5. Nc3 d6 6. h3 Be7 7. Nge2 Be6 8. d3
d5 9. exd5 Nxd5 10. Nxd5 Bxd5 11. Bxd5 Qxd5 12. O-O O-O 13. Ng3 Nd4 14. c3 Ne6
15. c4 Qc6 16. Bxe5 f6 17. Nf5 Rfe8 18. Bg3 Nd4 19. Nxd4 cxd4 20. Qg4 Rad8 21.
a3 a5 22. Rfb1 Bd6 23. Bxd6 Qxd6 24. b4 Re5 25. Qg3 a4 26. Re1 Rde8 27. Re4 Qd7
28. f3 Rg5 29. Rxe8+ Qxe8 30. Re1 Qd7 31. Qf4 h5 32. Qb8+ Kh7 33. Re8 Kg6 34.
Qc8 Qd6 35. Qb8 Qd7 36. h4 Rf5 37. Re4 Kh7 38. Qa7 Qc7 39. Qxd4 Qg3 40. Qf2 Qd6
41. d4 Qc7 42. Qc2 Qg3 43. Re5 g6 44. Re7+ Kh6 45. Qd2+ g5 46. hxg5+ Rxg5 47.
d5 h4 48. Qf2 Qf4 49. Re4 Qc1+ 50. Qe1 Qb2 51. Rxh4+ Kg6 52. Qe8+ Kg7 53. Qh8+
Kf7 54. Rh7+ Kg6 55. Qg8+ Kf5 56. Qe6+ Kg6 57. g4 Qd4+ 58. Kg2 Kxh7 59. Qf7+
Rg7 60. Qh5+ 1/2-1/2

[Event "Gibraltar ChallWk2 12th"]
[Site "Gibraltar"]
[Date "2014.02.01"]
[Round "1.4"]
[White "Nyland, Thomas"]
[Black "Martinez Reyes, Pedro Ramon"]
[Result "0-1"]
[WhiteElo "2047"]
[BlackElo "2246"]
[PlyCount "78"]
[EventDate "2014.02.01"]
[EventType "swiss"]
[EventRounds "5"]
[EventCountry "GGB"]
[SourceTitle "BritBase"]
[Source "www.saund.co.uk"]
[SourceDate "2018.02.10"]
[SourceVersion "1"]
[SourceVersionDate "2018.02.10"]
[SourceQuality "1"]
[WhiteClock "0:11:50"]
[BlackClock "1:10:01"]

1. e4 e6 2. d4 d5 3. Nc3 Nf6 4. e5 Nfd7 5. Nce2 c5 6. c3 Nc6 7. f4 Qa5 8. Bd2
Qb6 9. Qb3 Be7 10. Nf3 O-O 11. g3 f5 12. Bg2 Na5 13. Qc2 Nc4 14. b3 Na3 15. Qb2
cxd4 16. cxd4 Nb8 17. O-O Bd7 18. Rfd1 Na6 19. Rac1 Nc4 20. Qb1 Nxd2 21. Rxd2
Ba3 22. Rcd1 Rac8 23. Ne1 Nb4 24. Nc2 Rxc2 25. Rxc2 Nxc2 26. Qxc2 Rc8 27. Qd2
Rc6 28. Qe3 Qc7 29. h3 Rc2 30. Rd2 Bb5 31. g4 Bb4 32. Rxc2 Qxc2 33. Bf1 Bd3 34.
Qc1 Bd2 35. Qxc2 Bxc2 36. Kf2 g6 37. Kf3 Be4+ 38. Kf2 a5 39. Kg3 Bb1 0-1

[Event "Gibraltar ChallWk2 12th"]
[Site "Gibraltar"]
[Date "2014.02.01"]
[Round "1.5"]
[White "Gandrud, Vegar Koi"]
[Black "Brokko, Margit"]
[Result "1/2-1/2"]
[WhiteElo "2242"]
[BlackElo "2058"]
[PlyCount "96"]
[EventDate "2014.02.01"]
[EventType "swiss"]
[EventRounds "5"]
[EventCountry "GGB"]
[SourceTitle "BritBase"]
[Source "www.saund.co.uk"]
[SourceDate "2018.02.10"]
[SourceVersion "1"]
[SourceVersionDate "2018.02.10"]
[SourceQuality "1"]
[WhiteClock "0:01:57"]
[BlackClock "0:00:56"]

1. d4 Nf6 2. c4 c5 3. d5 e6 4. Nc3 exd5 5. cxd5 g6 6. Nf3 Bg7 7. Bf4 d6 8. Qa4+
Bd7 9. Qb3 Qc7 10. e4 a6 11. a4 O-O 12. Be2 Re8 13. Nd2 Bc8 14. O-O Nbd7 15. h3
Ne5 16. Rfe1 Rb8 17. Qc2 Bd7 18. Bh2 g5 19. a5 Bc8 20. b3 b5 21. axb6 Qxb6 22.
Bxe5 dxe5 23. Na4 Qb4 24. Nxc5 a5 25. Ra4 Qb6 26. Rea1 g4 27. Rxa5 gxh3 28. Rb5
Qc7 29. Rxb8 Qxb8 30. g3 Bg4 31. f3 Bh5 32. Na6 Rc8 33. Qd3 Qb6+ 34. Kh2 Nxd5
35. Kxh3 Rd8 36. exd5 e4 37. Nxe4 Bxa1 38. Nac5 Be5 39. f4 Bxe2 40. Qxe2 Bg7
41. Qg4 Rxd5 42. Nd7 Qh6+ 43. Kg2 Kh8 44. Ne5 Bxe5 45. Qc8+ Kg7 46. fxe5 Rxe5
47. Kf3 Qe6 48. Qc2 Qf5+ 1/2-1/2

[Event "Gibraltar ChallWk2 12th"]
[Site "Gibraltar"]
[Date "2014.02.01"]
[Round "1.6"]
[White "Nejanky, Maisa"]
[Black "Sanchez Botella, Luis Javier"]
[Result "0-1"]
[WhiteElo "2040"]
[BlackElo "2241"]
[PlyCount "82"]
[EventDate "2014.02.01"]
[EventType "swiss"]
[EventRounds "5"]
[EventCountry "GGB"]
[SourceTitle "BritBase"]
[Source "www.saund.co.uk"]
[SourceDate "2018.02.10"]
[SourceVersion "1"]
[SourceVersionDate "2018.02.10"]
[SourceQuality "1"]
[WhiteClock "0:00:22"]
[BlackClock "0:01:40"]

1. e4 c5 2. Nf3 e6 3. Nc3 a6 4. d4 cxd4 5. Nxd4 d6 6. a4 b6 7. f4 Bb7 8. Bd3
Nf6 9. O-O Be7 10. Qf3 Nbd7 11. g4 h6 12. Nb3 g5 13. Rf2 h5 14. gxh5 g4 15. Qe2
Rxh5 16. Bd2 Qc7 17. Re1 Rh3 18. Rg2 Qc6 19. Bc1 Nc5 20. Nxc5 bxc5 21. Rf1
O-O-O 22. f5 Rg8 23. fxe6 fxe6 24. Bc4 Kd7 25. Rxf6 Bxf6 26. Bxe6+ Kxe6 27.
Qc4+ Kd7 28. Qf7+ Be7 29. Qxg8 Rxc3 30. Qxg4+ Kc7 31. bxc3 Bf6 32. Bd2 Qxa4 33.
e5 Qa1+ 34. Kf2 Bxe5 35. Rg1 Qa2 36. Qf5 Qd5 37. Ke2 a5 38. Qh7+ Kb6 39. Rb1+
Ka6 40. Qc7 Qg2+ 41. Kd3 Qe4# 0-1

[Event "Gibraltar ChallWk2 12th"]
[Site "Gibraltar"]
[Date "2014.02.01"]
[Round "1.7"]
[White "Gonzalez Galvan, Juan Manuel"]
[Black "Danielsen, Magnus"]
[Result "1-0"]
[WhiteElo "2260"]
[BlackElo "2032"]
[PlyCount "99"]
[EventDate "2014.02.01"]
[EventType "swiss"]
[EventRounds "5"]
[EventCountry "GGB"]
[SourceTitle "BritBase"]
[Source "www.saund.co.uk"]
[SourceDate "2018.02.10"]
[SourceVersion "1"]
[SourceVersionDate "2018.02.10"]
[SourceQuality "1"]
[WhiteClock "0:07:24"]
[BlackClock "0:09:26"]

1. e4 d5 2. exd5 Qxd5 3. Nc3 Qd6 4. d4 Nf6 5. Nb5 Qb6 6. c4 c6 7. Nc3 g6 8. Nf3
Bg7 9. Be2 O-O 10. O-O Rd8 11. Bf4 Bf5 12. Qc1 Ne4 13. c5 Qa5 14. Nxe4 Bxe4 15.
Nd2 Bd5 16. Rd1 Rd7 17. Nc4 Bxc4 18. Qxc4 Na6 19. Rd3 Qb4 20. Qc2 Rxd4 21. Be3
Rxd3 22. Bxd3 Rd8 23. Rd1 Nc7 24. b3 Qc3 25. Qe2 Ne6 26. Bc4 Rxd1+ 27. Qxd1 Qa1
28. Qxa1 Bxa1 29. Kf1 Nc7 30. Ke2 Kf8 31. Kd3 e5 32. g4 Ke7 33. Ke4 Ne6 34. b4
f6 35. h4 Bc3 36. a3 Bb2 37. a4 Bc3 38. b5 Bb4 39. g5 Bxc5 40. gxf6+ Kxf6 41.
Bxe6 Bxe3 42. Bc8 Bxf2 43. h5 c5 44. hxg6 hxg6 45. Bxb7 c4 46. Kf3 Bb6 47. Kg4
Be3 48. Be4 g5 49. a5 Ke6 50. Kf3 1-0